Героите на всемирната литература (Запис номер 428868)
[ съкратено ]
| 000 -Лидер | |
|---|---|
| Контролно поле с фиксирана дължина | 01077nam a2200313 c 4500 |
| 003 - Код на организацията, давaща контролен номер | |
| Контролно поле | BLK |
| 005 - Дата и час на последна редакция | |
| Контролно поле | 20230404141021.0 |
| 008 - Елементи от данни с фиксирана дължина | |
| fixed length control field | 200310b bul|||||r ||||||| ||bul|| |
| 040 ## - Източник на каталожния запис | |
| Идентификатор на билиотеката - собственик на записа | BLK |
| 041 ## - Код за език | |
| Код за езика на текст/звукозапис или на отделно заглавие | Български |
| Код за езика КДБФ | Български |
| 080 ## - УДК | |
| Текстов определител УДК | Сравнително литературознание |
| УДК код - определител по УДК | 82.091 |
| УДК - код + определител | 82.091 |
| 100 1# - Редна дума - Автор | |
| Автор | Шахов, Александър Александрович |
| Авторска отговорност | първи автор |
| R(LIN) | 432291 |
| 139 ## - Редно поле | |
| Редна дума | Шахов, Александър Александрович и др. |
| 245 10 - Сведения за заглавието | |
| Заглавие | Героите на всемирната литература |
| Редно поле (дума) | Александър Александрович Шахов, Пьотър Кохан, Георг Брандес ; прев. |
| 257 ## - Страна на издаване | |
| Страна на създаване/издаване | България |
| 260 ## - Област на издателските данни | |
| Място на издаване, разпространение и проч. | София |
| Година на издаване | 1923 |
| Печатница | София : С. М. Стайков |
| 9 (RLIN) | 215573 |
| Име на издателя, разпространителя и проч. | Ст. Атанасов |
| 300 ## - Физическа характеристика | |
| Страници | 63 с. |
| Размери/Мащаб | 23 см |
| 380 ## - Жанр | |
| Жанр | Литературознание |
| 490 ## - СЕРИИ (Колекции) | |
| Име на серия | Библиотека за самообразование |
| №: серия | Г. XI, кн. 10 |
| 9 (RLIN) | 204496 |
| 500 ## - Общи забележки | |
| Забележка | П. Кохан известен като Пьотър Семьонович Коган. |
| 650 #0 - Допълнително описание по предмет – тема | |
| Основно описание – тема или топоним | Литературознание, сравнително |
| 9 (RLIN) | 245262 |
| 700 1# - Други автори (авторска отговорност) | |
| Лично име | Коган, Пьотър Семьонович |
| Автороска отговорност (Описва отношението между автора и произведението) | съавт. |
| 9 (RLIN) | 432292 |
| 700 1# - Други автори (авторска отговорност) | |
| Лично име | Брандес, Георг Морис Коен |
| Автороска отговорност (Описва отношението между автора и произведението) | съавт. |
| 9 (RLIN) | 42885 |
| 852 ## - Местоположение | |
| Форматна сигнатура | Цб 8.230.1025 |
| 856 4# - Електронен адрес и достъп | |
| Електронен формат | pdf - файл |
| Път до файла /url/ | |
| 856 4# - Електронен адрес и достъп | |
| Електронен формат | pdf - файл |
| Път до файла /url/ | |
| 999 ## - СИСТЕМНИ КОНТРОЛНИ НОМЕРА | |
| Koha biblionumber | 428868 |
| Koha biblioitemnumber | 428868 |
| 942 ## - АРТИКУЛИ | |
| Вид на библиотечния материал | Книги |
| Скрит в OPAC | Не |
| Източник на класификационната схема | Universal Decimal Classification |
| Периодичен библиозапис | Да |
| 944 ## - СЪЗДАВАНЕ И РЕДАКЦИЯ на ЗАПИСА | |
| Създаване/Редакция | Създаване |
| Дата на регистрацията/редакция | 2021-08-18 |
| Служител, извършил регистрацията/редакцията | нр |
| Код за отписване | Код за изгубен артикул | Източник на класификационната схема | Код за повреда | Коз за рестрикции | Код за отдаване | Артикулен № | Име на библиотеката - собственик | Име на библиотеката, в която се намира в момента | Статус (Текущо местоположение) | Дата на вписване в системата | Местоположение - отдел | Цена в лева | Инвентарен номер | Систематично азбучна сигнатура | Баркод | Цена в евро | Служебен тип на артикула |
|---|---|---|---|---|---|---|---|---|---|---|---|---|---|---|---|---|---|
| Не е изгубен | Universal Decimal Classification | Не е повреден | само за читалня | ползва се в читалня | 849338 | Регионална библиотека "Любен Каравелов" Русе | Регионална библиотека "Любен Каравелов" Русе | Хранилище | 2021-08-19 | Основен фонд - ползва се само за читалня | 0.05 | 1025 | Цб 8.230.1025 | 900000074848 | 0.03 | Книги |